Every United States National Wildlife Refuge - Statistics

General Stats
  • This quiz has been taken 12 times
  • The average score is 26 of 592
Answer Stats
Refuge Name State % Correct
Rocky Mountain Arsenal National Wildlife Refuge CO
75%
Alamosa National Wildlife Refuge CO
50%
Cape May National Wildlife Refuge NJ
50%
Cherry Valley National Wildlife Refuge PA
50%
Edwin B. Forsythe National Wildlife Refuge NJ
50%
Great Dismal Swamp National Wildlife Refuge VA
50%
John Heinz National Wildlife Refuge at Tinicum PA
50%
Key Deer National Wildlife Refuge FL
50%
Montezuma National Wildlife Refuge NY
50%
National Elk Refuge WY
50%
Ninigret National Wildlife Refuge (Managed by the Rhode Island National Wildlife Refuge Complex) RI
50%
Rocky Flats National Wildlife Refuge CO
50%
Sachuest Point National Wildlife Refuge (Managed by the Rhode Island National Wildlife Refuge Complex) RI
50%
San Diego National Wildlife Refuge CA
50%
Seney National Wildlife Refuge MI
50%
Trustom Pond National Wildlife Refuge (Managed by the Rhode Island National Wildlife Refuge Complex) RI
50%
Two Ponds National Wildlife Refuge CO
50%
Agassiz National Wildlife Refuge MN
25%
Alaska Peninsula National Wildlife Refuge AK
25%
Alligator River National Wildlife Refuge (Part of the North Carolina Coastal Plain National Wildlife Refuge Complex) NC
25%
Arctic National Wildlife Refuge AK
25%
Ash Meadows National Wildlife Refuge (Managed as part of the Desert National Wildlife Refuge Complex, headquartered in Las Vegas) NV
25%
Assabet River National Wildlife Refuge MA
25%
Atchafalaya National Wildlife Refuge LA
25%
Bear Lake National Wildlife Refuge (Part of the Southeast Idaho National Wildlife Refuge Complex) ID
25%
Bear River Migratory Bird Refuge UT
25%
Big Oaks National Wildlife Refuge IN
25%
Billy Frank Jr. Nisqually National Wildlife Refuge WA
25%
Bitter Lake National Wildlife Refuge NM
25%
Bombay Hook National Wildlife Refuge DE
25%
Bosque del Apache National Wildlife Refuge NM
25%
Camas National Wildlife Refuge (Part of the Southeast Idaho National Wildlife Refuge Complex) ID
25%
Chincoteague National Wildlife Refuge VA
25%
Clarks River National Wildlife Refuge KY
25%
Crocodile Lake National Wildlife Refuge FL
25%
Cross Creeks National Wildlife Refuge TN
25%
Cypress Creek National Wildlife Refuge IL
25%
Desert National Wildlife Refuge (Managed as part of the Desert National Wildlife Refuge Complex, headquartered in Las Vegas) NV
25%
Dungeness National Wildlife Refuge (Part of the Washington Maritime National Wildlife Refuge Complex) WA
25%
Eastern Shore of Virginia National Wildlife Refuge VA
25%
Erie National Wildlife Refuge PA
25%
Fisherman Island National Wildlife Refuge VA
25%
Fish Springs National Wildlife Refuge UT
25%
Florida Panther National Wildlife Refuge FL
25%
Grays Harbor National Wildlife Refuge WA
25%
Great Bay National Wildlife Refuge NH
25%
Great Meadows National Wildlife Refuge MA
25%
Great Swamp National Wildlife Refuge NJ
25%
Green Bay National Wildlife Refuge WI
25%
Green River National Wildlife Refuge KY
25%
Guam National Wildlife Refuge GU
25%
Havasu National Wildlife Refuge AZ
25%
Hawaiian Islands National Wildlife Refuge HI
25%
Horicon National Wildlife Refuge WI
25%
Iroquois National Wildlife Refuge NY
25%
J.N. 'Ding' Darling National Wildlife Refuge FL
25%
Kodiak National Wildlife Refuge AK
25%
Mashpee National Wildlife Refuge MA
25%
Missisquoi National Wildlife Refuge VT
25%
Moapa Valley National Wildlife Refuge (Managed as part of the Desert National Wildlife Refuge Complex, headquartered in Las Vegas) NV
25%
Monomoy National Wildlife Refuge MA
25%
Monte Vista National Wildlife Refuge CO
25%
Northern Tallgrass Prairie National Wildlife Refuge MN
25%
Oyster Bay National Wildlife Refuge (Part of the Long Island National Wildlife Refuge Complex) NY
25%
Parker River National Wildlife Refuge MA
25%
Patoka River National Wildlife Refuge and Management Area IN
25%
Patuxent Research Refuge MD
25%
Quillayute Needles National Wildlife Refuge (Part of the Washington Maritime National Wildlife Refuge Complex) WA
25%
Rachel Carson National Wildlife Refuge ME
25%
Red Rock Lakes National Wildlife Refuge MT
25%
Saddle Mountain National Wildlife Refuge/Hanford Reach National Monument WA
25%
San Juan Islands National Wildlife Refuge (Part of the Washington Maritime National Wildlife Refuge Complex) WA
25%
San Luis National Wildlife Refuge CA
25%
Seatuck National Wildlife Refuge (Part of the Long Island National Wildlife Refuge Complex) NY
25%
Sevilleta National Wildlife Refuge NM
25%
Shawangunk Grasslands National Wildlife Refuge NY
25%
Stewart Lake National Wildlife Refuge (Managed by the Audubon National Wildlife Refuge Complex) ND
25%
Supawna Meadows National Wildlife Refuge NJ
25%
Target Rock National Wildlife Refuge (Part of the Long Island National Wildlife Refuge Complex) NY
25%
Theodore Roosevelt National Wildlife Refuge MS
25%
Valle de Oro National Wildlife Refuge NM
25%
Wallkill River National Wildlife Refuge NJ
25%
Wertheim National Wildlife Refuge (Part of the Long Island National Wildlife Refuge Complex) NY
25%
White Lake National Wildlife Refuge (Managed by the Audubon National Wildlife Refuge Complex) ND
25%
Yukon Flats National Wildlife Refuge AK
25%
Alaska Maritime National Wildlife Refuge AK
0%
Amagansett National Wildlife Refuge (Part of the Long Island National Wildlife Refuge Complex) NY
0%
Anaho Island National Wildlife Refuge NV
0%
Ankeny National Wildlife Refuge OR
0%
Antioch Dunes National Wildlife Refuge CA
0%
Appert Lake National Wildlife Refuge ND
0%
Aransas National Wildlife Refuge TX
0%
Arapaho National Wildlife Refuge CO
0%
Archie Carr National Wildlife Refuge FL
0%
Ardoch National Wildlife Refuge (Managed by the Devils Lake Wetland Management District) ND
0%
Aroostook National Wildlife Refuge ME
0%
Arrowwood National Wildlife Refuge (Managed by the Arrowwood National Wildlife Refuge Complex) ND
0%
Arrowwood Wetland Management District (Managed by the Arrowwood National Wildlife Refuge Complex) ND
0%
Arthur R. Marshall Loxahatchee National Wildlife Refuge FL
0%
Attwater Prairie Chicken National Wildlife Refuge TX
0%
Audubon National Wildlife Refuge (Managed by the Audubon National Wildlife Refuge Complex) ND
0%
Audubon Wetland Management District (Managed by the Audubon National Wildlife Refuge Complex) ND
0%
Baca National Wildlife Refuge CO
0%
Back Bay National Wildlife Refuge VA
0%
Baker Island National Wildlife Refuge (Managed under the Hawaiian Islands National Wildlife Refuge) UM
0%
Balcones Canyonlands National Wildlife Refuge TX
0%
Bald Knob National Wildlife Refuge AR
0%
Bamforth National Wildlife Refuge WY
0%
Bandon Marsh National Wildlife Refuge OR
0%
Banks Lake National Wildlife Refuge GA
0%
Baskett Slough National Wildlife Refuge OR
0%
Bayou Cocodrie National Wildlife Refuge LA
0%
Bayou Sauvage National Wildlife Refuge LA
0%
Bayou Teche National Wildlife Refuge LA
0%
Bear Butte National Wildlife Refuge SD
0%
Bear Valley National Wildlife Refuge OR
0%
Becharof National Wildlife Refuge AK
0%
Benton Lake National Wildlife Refuge MT
0%
Benton Lake Wetland Management District MT
0%
Big Boggy National Wildlife Refuge TX
0%
Big Branch Marsh National Wildlife Refuge LA
0%
Big Lake National Wildlife Refuge AR
0%
Big Muddy National Fish and Wildlife Refuge MO
0%
Big Stone National Wildlife Refuge MN
0%
Big Stone Wetland Management District MN
0%
Bill Williams River National Wildlife Refuge AZ
0%
Bitter Creek National Wildlife Refuge CA
0%
Black Bayou Lake National Wildlife Refuge LA
0%
Blackbeard Island National Wildlife Refuge (Part of the Savannah Coastal Refuges Complex) GA
0%
Black Coulee National Wildlife Refuge MT
0%
Blackwater National Wildlife Refuge (Part of Chesapeake Marshlands National Wildlife Refuge Complex) MD
0%
Block Island National Wildlife Refuge (Managed by the Rhode Island National Wildlife Refuge Complex) RI
0%
Blue Ridge National Wildlife Refuge CA
0%
Bogue Chitto National Wildlife Refuge LA
0%
Bond Swamp National Wildlife Refuge GA
0%
Bone Hill National Wildlife Refuge ND
0%
Bon Secour National Wildlife Refuge AL
0%
Bowdoin National Wildlife Refuge MT
0%
Boyer Chute National Wildlife Refuge NE
0%
Brazoria National Wildlife Refuge TX
0%
Breton National Wildlife Refuge LA
0%
Browns Park National Wildlife Refuge CO
0%
Brumba National Wildlife Refuge ND
0%
Buck Island National Wildlife Refuge (Managed by the Caribbean Islands National Wildlife complex) VI
0%
Buenos Aires National Wildlife Refuge AZ
0%
Buffalo Lake National Wildlife Refuge TX
0%
Buffalo Lake National Wildlife Refuge (North Dakota) ND
0%
Butte Sink Wildlife Management Area CA
0%
Cabeza Prieta National Wildlife Refuge AZ
0%
Cabo Rojo National Wildlife Refuge (Managed by the Caribbean Islands National Wildlife complex) PR
0%
Cache River National Wildlife Refuge AR
0%
Caddo Lake National Wildlife Refuge TX
0%
Cahaba River National Wildlife Refuge AL
0%
Caloosahatchee National Wildlife Refuge FL
0%
Cameron Prairie National Wildlife Refuge LA
0%
Camp Lake National Wildlife Refuge ND
0%
Canaan Valley National Wildlife Refuge WV
0%
Canfield Lake National Wildlife Refuge ND
0%
Cape Meares National Wildlife Refuge OR
0%
Cape Romain National Wildlife Refuge (Part of the South Carolina Lowcountry National Wildlife Refuge Complex) SC
0%
Carlton Pond Waterfowl Production Area ME
0%
Carolina Sandhills National Wildlife Refuge SC
0%
Castle Rock National Wildlife Refuge CA
0%
Catahoula National Wildlife Refuge LA
0%
Cat Island National Wildlife Refuge LA
0%
Cedar Island National Wildlife Refuge (Part of the Mattamuskeet, Swanquarter and Cedar Island National Wildlife Refuge Complex) NC
0%
Cedar Keys National Wildlife Refuge FL
0%
Cedar Point National Wildlife Refuge (Managed by the Ottawa National Wildlife Refuge Complex) OH
0%
Charles M. Russell National Wildlife Refuge MT
0%
Chase Lake National Wildlife Refuge (Managed by the Arrowwood National Wildlife Refuge Complex) ND
0%
Chase Lake Wetland Management District (Managed by the Arrowwood National Wildlife Refuge Complex) ND
0%
Chassahowitzka National Wildlife Refuge FL
0%
Chautauqua National Wildlife Refuge IL
0%
Chickasaw National Wildlife Refuge (Part of the West Tennessee National Wildlife Refuge Complex) TN
0%
Choctaw National Wildlife Refuge AL
0%
Cibola National Wildlife Refuge AZ
0%
Clarence Cannon National Wildlife Refuge MO
0%
Clear Lake National Wildlife Refuge CA
0%
Coachella Valley National Wildlife Refuge CA
0%
Cokeville Meadows National Wildlife Refuge WY
0%
Cold Springs National Wildlife Refuge OR
0%
Coldwater River National Wildlife Refuge MS
0%
Columbia National Wildlife Refuge WA
0%
Colusa National Wildlife Refuge CA
0%
Conboy Lake National Wildlife Refuge WA
0%
Conscience Point National Wildlife Refuge (Part of the Long Island National Wildlife Refuge Complex) NY
0%
Copalis National Wildlife Refuge (Part of the Washington Maritime National Wildlife Refuge Complex) WA
0%
Cottonwood Lake National Wildlife Refuge ND
0%
Crab Orchard National Wildlife Refuge IL
0%
Crane Meadows National Wildlife Refuge MN
0%
Creedman Coulee National Wildlife Refuge MT
0%
Crescent Lake National Wildlife Refuge NE
0%
Crosby Wetland Management District (Managed by the Lostwood Wetland Management District Complex) ND
0%
Cross Island National Wildlife Refuge (Part of Maine Coastal Islands National Wildlife Refuge) ME
0%
Crystal River National Wildlife Refuge FL
0%
Culebra National Wildlife Refuge (Managed by the Caribbean Islands National Wildlife complex) PR
0%
Currituck National Wildlife Refuge (Part of the North Carolina Coastal Plain National Wildlife Refuge Complex) NC
0%
Dahomey National Wildlife Refuge MS
0%
Dakota Lake National Wildlife Refuge ND
0%
D'Arbonne National Wildlife Refuge LA
0%
Deep Fork National Wildlife Refuge OK
0%
Deer Flat National Wildlife Refuge ID | OR
0%
Delevan National Wildlife Refuge CA
0%
Delta National Wildlife Refuge LA
0%
Desecheo National Wildlife Refuge (Managed by the Caribbean Islands National Wildlife complex) PR
0%
Des Lacs National Wildlife Refuge (Managed by the Lostwood Wetland Management District Complex) ND
0%
DeSoto National Wildlife Refuge IA
0%
Detroit Lakes Wetland Management District MN
0%
Detroit River International Wildlife Refuge MI
0%
Devils Lake Wetland Management District (Managed by the Devils Lake Wetland Management District) ND
0%
Don Edwards San Francisco Bay National Wildlife Refuge CA
0%
Driftless Area National Wildlife Refuge IA | WI
0%
East Cove National Wildlife Refuge LA
0%
Eastern Neck National Wildlife Refuge (Part of Chesapeake Marshlands National Wildlife Refuge Complex) MD
0%
Egmont Key National Wildlife Refuge FL
0%
Elizabeth A. Morton National Wildlife Refuge (Part of the Long Island National Wildlife Refuge Complex) NY
0%
Elizabeth Hartwell Mason Neck National Wildlife Refuge (Part of the Potomac River National Wildlife Refuge Complex) VA
0%
Ellicott Slough National Wildlife Refuge CA
0%
Emiquon National Wildlife Refuge IL
0%
Ernest F. Hollings ACE Basin National Wildlife Refuge (Part of the South Carolina Lowcountry National Wildlife Refuge Complex) SC
0%
Eufaula National Wildlife Refuge AL
0%
Everglades Headwaters National Wildlife Refuge and Conservation Area FL
0%
Fallon National Wildlife Refuge NV
0%
Farallon National Wildlife Refuge CA
0%
Featherstone National Wildlife Refuge (Part of the Potomac River National Wildlife Refuge Complex) VA
0%
Felsenthal National Wildlife Refuge AR
0%
Fergus Falls Wetland Management District MN
0%
Fern Cave National Wildlife Refuge AL
0%
Flattery Rocks National Wildlife Refuge (Part of the Washington Maritime National Wildlife Refuge Complex) WA
0%
Flint Hills National Wildlife Refuge KS
0%
Florence Lake National Wildlife Refuge (Managed by the Long Lake National Wildlife Refuge Complex) ND
0%
Fort Niobrara National Wildlife Refuge NE
0%
Fox River National Wildlife Refuge WI
0%
Franklin Island National Wildlife Refuge (Part of Maine Coastal Islands National Wildlife Refuge) ME
0%
Franz Lake National Wildlife Refuge WA
0%
Glacial Ridge National Wildlife Refuge MN
0%
Glenn Martin National Wildlife Refuge (Part of Chesapeake Marshlands National Wildlife Refuge Complex) MD
0%
Grand Bay National Wildlife Refuge MS
0%
Grand Cote National Wildlife Refuge LA
0%
Grass Lake National Wildlife Refuge (formerly Halfbreed Lake NWR) MT
0%
Grasslands Wildlife Management Area CA
0%
Gravel Island National Wildlife Refuge WI
0%
Grays Lake National Wildlife Refuge (Part of the Southeast Idaho National Wildlife Refuge Complex) ID
0%
Great River National Wildlife Refuge MO
0%
Great White Heron National Wildlife Refuge FL
0%
Green Cay National Wildlife Refuge (Managed by the Caribbean Islands National Wildlife complex) VI
0%
Grulla National Wildlife Refuge NM
0%
Guadalupe-Nipomo Dunes National Wildlife Refuge CA
0%
Hackmatack National Wildlife Refuge IL | WI
0%
Hagerman National Wildlife Refuge TX
0%
Hailstone National Wildlife Refuge MT
0%
Hakalau Forest National Wildlife Refuge HI
0%
Half-Way Lake National Wildlife Refuge ND
0%
Hamden Slough National Wildlife Refuge MN
0%
Hanalei National Wildlife Refuge HI
0%
Handy Brake National Wildlife Refuge LA
0%
Harbor Island National Wildlife Refuge MI
0%
Harris Neck National Wildlife Refuge (Part of the Savannah Coastal Refuges Complex) GA
0%
Hart Mountain National Antelope Refuge OR
0%
Hatchie National Wildlife Refuge TN
0%
Hewitt Lake National Wildlife Refuge MT
0%
Hiddenwood National Wildlife Refuge ND
0%
Hillside National Wildlife Refuge MS
0%
Hobart Lake National Wildlife Refuge ND
0%
Hobe Sound National Wildlife Refuge FL
0%
Holla Bend National Wildlife Refuge AR
0%
Holt Collier National Wildlife Refuge MS
0%
Hopper Mountain National Wildlife Refuge CA
0%
Howland Island National Wildlife Refuge (Managed under the Hawaiian Islands National Wildlife Refuge) UM
0%
Hulē‘ia National Wildlife Refuge HI
0%
Humboldt Bay National Wildlife Refuge CA
0%
Huron National Wildlife Refuge MI
0%
Huron Wetland Management District SD
0%
Hutchinson Lake National Wildlife Refuge ND
0%
Hutton Lake National Wildlife Refuge WY
0%
Imperial National Wildlife Refuge AZ
0%
Innoko National Wildlife Refuge AK
0%
Iowa Wetland Management District IA
0%
Island Bay National Wildlife Refuge FL
0%
Izembek National Wildlife Refuge AK
0%
James Campbell National Wildlife Refuge HI
0%
James River National Wildlife Refuge (Part of the Eastern Virginia Rivers National Wildlife Refuge Complex) VA
0%
Jarvis Island National Wildlife Refuge (Managed under the Hawaiian Islands National Wildlife Refuge) UM
0%
J. Clark Salyer National Wildlife Refuge (Managed by the J. Clark Salyer National Wildlife Refuge Complex) ND
0%
J. Clark Salyer Wetland Management District (Managed by the J. Clark Salyer National Wildlife Refuge Complex) ND
0%
Jocelyn Nungaray National Wildlife Refuge (formerly Anahuac NWR) TX
0%
John and Louise Seier National Wildlife Refuge NE
0%
John Hay National Wildlife Refuge NH
0%
John H. Chafee National Wildlife Refuge (Managed by the Rhode Island National Wildlife Refuge Complex) RI
0%
Johnson Lake National Wildlife Refuge ND
0%
Johnston Atoll National Wildlife Refuge (Managed under the Hawaiian Islands National Wildlife Refuge) UM
0%
Julia Butler Hansen Refuge for the Columbian White-Tailed Deer OR | WA
0%
Kakahai‘a National Wildlife Refuge HI
0%
Kankakee National Wildlife Refuge and Conservation Area IL
0%
Kanuti National Wildlife Refuge AK
0%
Karl E. Mundt National Wildlife Refuge SD
0%
Kealia Pond National Wildlife Refuge HI
0%
Kellys Slough National Wildlife Refuge (Managed by the Devils Lake Wetland Management District) ND
0%
Kenai National Wildlife Refuge AK
0%
Kern National Wildlife Refuge CA
0%
Key Cave National Wildlife Refuge AL
0%
Key West National Wildlife Refuge FL
0%
Kilauea Point National Wildlife Refuge HI
0%
Kingman Reef National Wildlife Refuge (Managed under the Hawaiian Islands National Wildlife Refuge) UM
0%
Kirtlands Warbler Wildlife Management Area MI
0%
Kirwin National Wildlife Refuge KS
0%
Klamath Marsh National Wildlife Refuge OR
0%
Kofa National Wildlife Refuge AZ
0%
Kootenai National Wildlife Refuge ID
0%
Koyukuk National Wildlife Refuge AK
0%
Kulm Wetland Management District ND
0%
Lacassine National Wildlife Refuge LA
0%
Lacreek National Wildlife Refuge SD
0%
Laguna Atascosa National Wildlife Refuge TX
0%
Laguna Cartagena National Wildlife Refuge (Managed by the Caribbean Islands National Wildlife complex) PR
0%
Lake Alice National Wildlife Refuge (Managed by the Devils Lake Wetland Management District) ND
0%
Lake Andes National Wildlife Refuge SD
0%
Lake Andes Wetland Management District SD
0%
Lake George National Wildlife Refuge ND
0%
Lake Ilo National Wildlife Refuge (Managed by the Audubon National Wildlife Refuge Complex) ND
0%
Lake Isom National Wildlife Refuge (Part of the West Tennessee National Wildlife Refuge Complex) TN
0%
Lake Mason National Wildlife Refuge MT
0%
Lake Nettie National Wildlife Refuge (Managed by the Audubon National Wildlife Refuge Complex) ND
0%
Lake Ophelia National Wildlife Refuge LA
0%
Lake Otis National Wildlife Refuge ND
0%
Lake Patricia National Wildlife Refuge ND
0%
Lake Thibadeau National Wildlife Refuge MT
0%
Lake Wales Ridge National Wildlife Refuge FL
0%
Lake Woodruff National Wildlife Refuge FL
0%
Lake Zahl National Wildlife Refuge (Managed by the Lostwood Wetland Management District Complex) ND
0%
Lambs Lake National Wildlife Refuge ND
0%
Lamesteer National Wildlife Refuge MT
0%
Las Vegas National Wildlife Refuge NM
0%
Lee Metcalf National Wildlife Refuge MT
0%
Leopold Wetland Management District WI
0%
Leslie Canyon National Wildlife Refuge AZ
0%
Lewis and Clark National Wildlife Refuge OR
0%
Litchfield Wetland Management District MN
0%
Little Goose National Wildlife Refuge ND
0%
Little Pend Oreille National Wildlife Refuge WA
0%
Little River National Wildlife Refuge OK
0%
Loess Bluffs National Wildlife Refuge MO
0%
Logan Cave National Wildlife Refuge AR
0%
Long Lake National Wildlife Refuge (Managed by the Long Lake National Wildlife Refuge Complex) ND
0%
Long Lake Wetland Management District (Managed by the Long Lake National Wildlife Refuge Complex) ND
0%
Lords Lake National Wildlife Refuge ND
0%
Lost Lake National Wildlife Refuge ND
0%
Lost Trail National Wildlife Refuge MT
0%
Lostwood National Wildlife Refuge (Managed by the Lostwood Wetland Management District Complex) ND
0%
Lostwood Wetland Management District (Managed by the Lostwood Wetland Management District Complex) ND
0%
Louisiana Wetland Management District LA
0%
Lower Hatchie National Wildlife Refuge (Part of the West Tennessee National Wildlife Refuge Complex) TN
0%
Lower Klamath National Wildlife Refuge CA | OR
0%
Lower Rio Grande Valley National Wildlife Refuge TX
0%
Lower Suwannee National Wildlife Refuge FL
0%
Mackay Island National Wildlife Refuge (Part of the North Carolina Coastal Plain National Wildlife Refuge Complex) NC
0%
Madison Wetland Management District SD
0%
Malheur National Wildlife Refuge OR
0%
Mandalay National Wildlife Refuge LA
0%
Maple River National Wildlife Refuge ND
0%
Marais des Cygnes National Wildlife Refuge KS
0%
Marin Islands National Wildlife Refuge CA
0%
Massasoit National Wildlife Refuge MA
0%
Mathews Brake National Wildlife Refuge MS
0%
Matlacha Pass National Wildlife Refuge FL
0%
Mattamuskeet National Wildlife Refuge (Part of the Mattamuskeet, Swanquarter and Cedar Island National Wildlife Refuge Complex) NC
0%
Maxwell National Wildlife Refuge NM
0%
McFaddin National Wildlife Refuge TX
0%
McKay Creek National Wildlife Refuge OR
0%
McLean National Wildlife Refuge ND
0%
McNary National Wildlife Refuge WA
0%
Medicine Lake National Wildlife Refuge MT
0%
Merced National Wildlife Refuge CA
0%
Meredosia National Wildlife Refuge IL
0%
Merritt Island National Wildlife Refuge FL
0%
Michigan Islands National Wildlife Refuge MI
0%
Michigan Wetland Management District MI
0%
Middle Mississippi River National Wildlife Refuge IL
0%
Mille Lacs National Wildlife Refuge MN
0%
Mingo National Wildlife Refuge MO
0%
Minidoka National Wildlife Refuge (Part of the Southeast Idaho National Wildlife Refuge Complex) ID
0%
Minnesota Valley National Wildlife Refuge MN
0%
Minnesota Valley Wetland Management District MN
0%
Mississippi Sandhill Crane National Wildlife Refuge MS
0%
Modoc National Wildlife Refuge CA
0%
Moody National Wildlife Refuge TX
0%
Moosehorn National Wildlife Refuge ME
0%
Morgan Brake National Wildlife Refuge MS
0%
Morris Wetland Management District MN
0%
Mortenson Lake National Wildlife Refuge WY
0%
Mountain Bogs National Wildlife Refuge NC
0%
Mountain Longleaf National Wildlife Refuge AL
0%
Muleshoe National Wildlife Refuge TX
0%
Muscatatuck National Wildlife Refuge IN
0%
Nansemond National Wildlife Refuge VA
0%
Nantucket National Wildlife Refuge MA
0%
Navassa Island National Wildlife Refuge (Part of the Caribbean Islands National Wildlife Refuge Complex) UM
0%
Neal Smith National Wildlife Refuge IA
0%
Necedah National Wildlife Refuge WI
0%
Neches River National Wildlife Refuge TX
0%
Nestucca Bay National Wildlife Refuge OR
0%
Ninepipe National Wildlife Refuge MT
0%
Nomans Land Island National Wildlife Refuge MA
0%
North Central Valley Wildlife Management Area CA
0%
North Platte National Wildlife Refuge NE
0%
Northwest Montana Wetland Management District MT
0%
Nowitna National Wildlife Refuge AK
0%
Oahu Forest National Wildlife Refuge HI
0%
Occoquan Bay National Wildlife Refuge (Part of the Potomac River National Wildlife Refuge Complex) VA
0%
Ohio River Islands National Wildlife Refuge WV
0%
Okefenokee National Wildlife Refuge GA
0%
Optima National Wildlife Refuge OK
0%
Oregon Islands National Wildlife Refuge OR
0%
Ottawa National Wildlife Refuge (Managed by the Ottawa National Wildlife Refuge Complex) OH
0%
Ouray National Wildlife Refuge UT
0%
Overflow National Wildlife Refuge AR
0%
Oxbow National Wildlife Refuge MA
0%
Oxford Slough Waterfowl Production Area ID
0%
Ozark Cavefish National Wildlife Refuge MO
0%
Ozark Plateau National Wildlife Refuge OK
0%
Pablo National Wildlife Refuge MT
0%
Pahranagat National Wildlife Refuge (Managed as part of the Desert National Wildlife Refuge Complex, headquartered in Las Vegas) NV
0%
Paint Rock River National Wildlife Refuge TN
0%
Palmyra Atoll National Wildlife Refuge (Managed under the Hawaiian Islands National Wildlife Refuge) UM
0%
Panther Swamp National Wildlife Refuge MS
0%
Passage Key National Wildlife Refuge FL
0%
Pathfinder National Wildlife Refuge WY
0%
Pea Island National Wildlife Refuge (Part of the North Carolina Coastal Plain National Wildlife Refuge Complex) NC
0%
Pearl Harbor National Wildlife Refuge HI
0%
Pee Dee National Wildlife Refuge NC
0%
Pelican Island National Wildlife Refuge FL
0%
Petit Manan National Wildlife Refuge (Part of Maine Coastal Islands National Wildlife Refuge) ME
0%
Piedmont National Wildlife Refuge GA
0%
Pierce National Wildlife Refuge WA
0%
Pilot Knob National Wildlife Refuge MO
0%
Pinckney Island National Wildlife Refuge (Part of the Savannah Coastal Refuges Complex) SC
0%
Pine Island National Wildlife Refuge FL
0%
Pinellas National Wildlife Refuge FL
0%
Pixley National Wildlife Refuge CA
0%
Pleasant Lake National Wildlife Refuge ND
0%
Plum Tree Island National Wildlife Refuge VA
0%
Pocosin Lakes National Wildlife Refuge (Part of the North Carolina Coastal Plain National Wildlife Refuge Complex) NC
0%
Pond Creek National Wildlife Refuge AR
0%
Pond Island National Wildlife Refuge (Part of Maine Coastal Islands National Wildlife Refuge) ME
0%
Port Louisa National Wildlife Refuge IA
0%
Presquile National Wildlife Refuge (Part of the Eastern Virginia Rivers National Wildlife Refuge Complex) VA
0%
Pretty Rock National Wildlife Refuge ND
0%
Prime Hook National Wildlife Refuge DE
0%
Protection Island National Wildlife Refuge (Part of the Washington Maritime National Wildlife Refuge Complex) WA
0%
Quivira National Wildlife Refuge KS
0%
Rabb Lake National Wildlife Refuge ND
0%
Rainwater Basin Wetland Management District NE
0%
Rappahannock River Valley National Wildlife Refuge (Part of the Eastern Virginia Rivers National Wildlife Refuge Complex) VA
0%
Red River National Wildlife Refuge LA
0%
Reelfoot National Wildlife Refuge (Part of the West Tennessee National Wildlife Refuge Complex) TN
0%
Rice Lake National Wildlife Refuge MN
0%
Ridgefield National Wildlife Refuge WA
0%
Rio Mora National Wildlife Refuge NM
0%
Roanoke River National Wildlife Refuge (Part of the North Carolina Coastal Plain National Wildlife Refuge Complex) NC
0%
Rock Lake National Wildlife Refuge ND
0%
Rose Atoll National Wildlife Refuge AS
0%
Rose Lake National Wildlife Refuge ND
0%
Ruby Lake National Wildlife Refuge NV
0%
Rydell National Wildlife Refuge MN
0%
Sabine National Wildlife Refuge LA
0%
Sacramento National Wildlife Refuge CA
0%
Sacramento River National Wildlife Refuge CA
0%
Salinas River National Wildlife Refuge CA
0%
Salt Plains National Wildlife Refuge OK
0%
Sam D. Hamilton Noxubee National Wildlife Refuge MS
0%
San Andres National Wildlife Refuge NM
0%
San Bernardino National Wildlife Refuge AZ
0%
San Bernard National Wildlife Refuge TX
0%
San Diego Bay National Wildlife Refuge CA
0%
Sand Lake National Wildlife Refuge SD
0%
Sand Lake Wetland Management District SD
0%
Sandy Point National Wildlife Refuge (Managed by the Caribbean Islands National Wildlife complex) VI
0%
San Joaquin River National Wildlife Refuge CA
0%
San Pablo Bay National Wildlife Refuge CA
0%
Santa Ana National Wildlife Refuge TX
0%
Santee National Wildlife Refuge (Part of the Savannah Coastal Refuges Complex) SC
0%
Sauta Cave National Wildlife Refuge AL
0%
Savannah National Wildlife Refuge* GA
0%
Sayville National Wildlife Refuge (Part of the Long Island National Wildlife Refuge Complex) NY
0%
School Section Lake National Wildlife Refuge ND
0%
Seal Beach National Wildlife Refuge CA
0%
Seal Island National Wildlife Refuge (Part of Maine Coastal Islands National Wildlife Refuge) ME
0%
Seedskadee National Wildlife Refuge WY
0%
Selawik National Wildlife Refuge AK
0%
Sequoyah National Wildlife Refuge OK
0%
Sheldon National Wildlife Refuge OR
0%
Sheldon National Wildlife Refuge (Managed as part of the Sheldon-Hart Mountain National Wildlife Refuge Complex, headquartered in Lakeview, Oregon) NV
0%
Shell Keys National Wildlife Refuge LA
0%
Shell Lake National Wildlife Refuge (Managed by the Lostwood Wetland Management District Complex) ND
0%
Sherburne National Wildlife Refuge MN
0%
Shiawassee National Wildlife Refuge MI
0%
Sibley Lake National Wildlife Refuge ND
0%
Siletz Bay National Wildlife Refuge OR
0%
Silver Lake National Wildlife Refuge ND
0%
Silvio O. Conte National Fish and Wildlife Refuge MA
0%
Slade National Wildlife Refuge (Managed by the Long Lake National Wildlife Refuge Complex) ND
0%
Snyder Lake National Wildlife Refuge ND
0%
Sonny Bono Salton Sea National Wildlife Refuge CA
0%
Springwater National Wildlife Refuge ND
0%
St. Catherine Creek National Wildlife Refuge MS
0%
St. Croix Wetland Management District WI
0%
Steigerwald Lake National Wildlife Refuge WA
0%
Stewart B. McKinney National Wildlife Refuge CT
0%
Stillwater National Wildlife Refuge NV
0%
St. Johns National Wildlife Refuge FL
0%
St. Marks National Wildlife Refuge FL
0%
Stone Lakes National Wildlife Refuge CA
0%
Stoney Slough National Wildlife Refuge ND
0%
Storm Lake National Wildlife Refuge ND
0%
Stump Lake National Wildlife Refuge ND
0%
St. Vincent National Wildlife Refuge FL
0%
Sunburst Lake National Wildlife Refuge ND
0%
Sunkhaze Meadows National Wildlife Refuge ME
0%
Susquehanna River National Wildlife Refuge (Part of Chesapeake Marshlands National Wildlife Refuge Complex) MD
0%
Sutter National Wildlife Refuge CA
0%
Swan Lake National Wildlife Refuge MO
0%
Swanquarter National Wildlife Refuge (Part of the Mattamuskeet, Swanquarter and Cedar Island National Wildlife Refuge Complex) NC
0%
Swan River National Wildlife Refuge MT
0%
Tallahatchie National Wildlife Refuge MS
0%
Tamarac National Wildlife Refuge MN
0%
Tennessee National Wildlife Refuge TN
0%
Tensas River National Wildlife Refuge LA
0%
Ten Thousand Islands National Wildlife Refuge FL
0%
Tetlin National Wildlife Refuge AK
0%
Tewaukon National Wildlife Refuge (Managed by the Souris River Basin National Wildlife Refuge Complex) ND
0%
Tewaukon Wetland Management District (Managed by the Tewaukon National Wildlife Refuge Complex) ND
0%
Texas Point National Wildlife Refuge TX
0%
Thacher Island National Wildlife Refuge MA
0%
Three Arch Rocks National Wildlife Refuge OR
0%
Tijuana Slough National Wildlife Refuge CA
0%
Tishomingo National Wildlife Refuge OK
0%
Togiak National Wildlife Refuge AK
0%
Tomahawk National Wildlife Refuge ND
0%
Toppenish National Wildlife Refuge WA
0%
Trempealeau National Wildlife Refuge WI
0%
Trinity River National Wildlife Refuge TX
0%
Tualatin River National Wildlife Refuge OR
0%
Tule Lake National Wildlife Refuge CA
0%
Turnbull National Wildlife Refuge WA
0%
Two Rivers National Wildlife Refuge IL
0%
Tybee National Wildlife Refuge (Part of the Savannah Coastal Refuges Complex) SC
0%
UL Bend National Wildlife Refuge MT
0%
Umatilla National Wildlife Refuge OR | WA
0%
Umbagog National Wildlife Refuge NH
0%
Union Slough National Wildlife Refuge IA
0%
Upper Klamath National Wildlife Refuge OR
0%
Upper Mississippi River National Wildlife and Fish Refuge MN
0%
Upper Ouachita National Wildlife Refuge LA
0%
Upper Souris National Wildlife Refuge (Managed by the Souris River Basin National Wildlife Refuge Complex) ND
0%
Valentine National Wildlife Refuge NE
0%
Valley City Wetland Management District (Managed by the Arrowwood National Wildlife Refuge Complex) ND
0%
Vieques National Wildlife Refuge (Managed by the Caribbean Islands National Wildlife complex) PR
0%
Waccamaw National Wildlife Refuge (Part of the South Carolina Lowcountry National Wildlife Refuge Complex) SC
0%
Wake Atoll National Wildlife Refuge (Managed under the Hawaiian Islands National Wildlife Refuge) UM
0%
Wallops Island National Wildlife Refuge VA
0%
Wapack National Wildlife Refuge NH
0%
Wapanocca National Wildlife Refuge AR
0%
Wapato Lake National Wildlife Refuge OR
0%
War Horse National Wildlife Refuge MT
0%
Washita National Wildlife Refuge OK
0%
Wassaw National Wildlife Refuge (Part of the Savannah Coastal Refuges Complex) GA
0%
Watercress Darter National Wildlife Refuge AL
0%
Waubay National Wildlife Refuge SD
0%
Waubay Wetland Management District SD
0%
West Sister Island National Wildlife Refuge (Managed by the Ottawa National Wildlife Refuge Complex) OH
0%
Wheeler National Wildlife Refuge AL
0%
White Horse Hill National Game Preserve (Managed by the Devils Lake Wetland Management District) ND
0%
White River National Wildlife Refuge AR
0%
Whittlesey Creek National Wildlife Refuge WI
0%
Wichita Mountains Wildlife Refuge OK
0%
Wild Rice Lake National Wildlife Refuge ND
0%
Willapa National Wildlife Refuge WA
0%
William L. Finley National Wildlife Refuge OR
0%
Willow Creek-Lurline Wildlife Management Area CA
0%
Willow Lake National Wildlife Refuge ND
0%
Windom Wetland Management District MN
0%
Wintering River National Wildlife Refuge ND
0%
Wolf Island National Wildlife Refuge (Part of the Savannah Coastal Refuges Complex) GA
0%
Wood Lake National Wildlife Refuge ND
0%
Yazoo National Wildlife Refuge MS
0%
Yukon Delta National Wildlife Refuge AK
0%
No matching quizzes found
Score Distribution
Percent of People with Each Score
Percentile by Number Answered
Your Score History
You have not taken this quiz